000
00256nam a2200097Ia 4500
001
690669
005
20250826161820.0
008
250824s9999 xx 000 0 und d
245
0
_a
İbadet İlmihali
_c
Yrd. Doç. Dr. İsmail Bilgili
260
_b
KİTAP DÜNYASI
999
_c
690669
_d
690669